Quiz o Legii Warszawa - Statystyki

Ogólne statystyki
  • Ten quiz został rozwiązany 48 razy
  • Średni wynik to 6 z 7
Statystyki odpowiedzi
Zagadnienie Odpowiedź % Poprawnych
W ktorym roku powstała Legia 1916
100%
Jak nazywa sie grupa ultrasów Legii Legioniści
100%
Kto prowadzi doping na meczach Legii Staruch
100%
Ile razy Legia wygrala misztrzostwo Kraju? 16
83%
Kto Strzelił najwiecej goli w barwach Legii Lucjan Brychczy
83%
Na ktorą trybunie są ultrasi Legii podczas meczów Połnocna
83%
Ile razy Legia zdobyla puchar Polski 7
33%
Nie znaleziono quizów pasujących do podanych kryteriów
Rozkład punktacji
Procent ludzi z każdym wynikiem
Percentyl według liczby udzielonych odpowiedzi
Twoja historia wyników
Nie rozwiązałeś tego quizu